000 00789nam a22002297a 4500
003 OSt
005 20180116192413.0
008 130122t1993 xxu||||| |||| 00| 0 eng d
020 _a 0442001762
020 _a9780471283904
040 _c0
082 _a720.284
100 1 _aLin, Mike W.
_96189
245 1 0 _aDrawing and designing with confidence :
_ba step-by-step guide /
_cMike W. Lin.
260 _aNew York :
_bVan Nostrand Reinhold,
_cc1993.
300 _a ix, 198 p. :
_bill. (some col.) ;
_c23 x 29 cm.
504 _a Includes bibliographical references (p. 193) and index.
650 _aArchitectural drawing
_xTechnique.
_96190
650 _aArchitectural design
_xTechnique.
_96191
942 _2ddc
_cBK
999 _c353610
_d353610